Zákon o registri partnerov verejného sektora s komentárom
Zákon č. 315/2016 Z.z. o registri partnerov verejného sektora a o zmene a doplnení niektorých zákonov v znení zákona č. 38/2017 Z.z. Zákon upravuje zriadenie registra partnerov verejného sektora, údaje zapisované do registra, postup pri zapisovaní údajov, pri zápise zmeny zapísaných údajov a výmaze...
Na minha lista:
| Autor principal: | |
|---|---|
| Formato: | Capítulo de Livro |
| Idioma: | eslovaco |
| Assuntos: | |
| Tags: |
Sem tags, seja o primeiro a adicionar uma tag!
|
MARC
| LEADER | 00000naa a2200000 4500 | ||
|---|---|---|---|
| 001 | 0229878 | ||
| 005 | 20220805074249.7 | ||
| 041 | 0 | |a slo | |
| 044 | |a SK | ||
| 245 | 1 | 0 | |a Zákon o registri partnerov verejného sektora s komentárom |c Martin Bonek |
| 520 | |a Zákon č. 315/2016 Z.z. o registri partnerov verejného sektora a o zmene a doplnení niektorých zákonov v znení zákona č. 38/2017 Z.z. Zákon upravuje zriadenie registra partnerov verejného sektora, údaje zapisované do registra, postup pri zapisovaní údajov, pri zápise zmeny zapísaných údajov a výmaze zapísaných údajov, pri overovaní údajov zapisovaných do registra a sankcie za porušenie povinností ustanovených týmto zákonom. | ||
| 610 | 2 | 0 | |a sektor verejný |
| 610 | 2 | 0 | |a registre |
| 610 | 2 | 0 | |a zákony |
| 610 | 2 | 0 | |a komentáre |
| 610 | 2 | 0 | |a Slovensko |
| 610 | 2 | 0 | |a 2016-2017 |
| 100 | 1 | |a Bonek, Martin | |